Sustainable livelihood approach: A critique of theory and practice (Record no. 43228)

MARC details
000 -LEADER
fixed length control field 00429nam a2200157Ia 4500
020 ## - INTERNATIONAL STANDARD BOOK NUMBER
ISBN 9789400792807
082 ## - DEWEY DECIMAL CLASSIFICATION NUMBER
Classification number 330.366
Item number MOR
100 ## - MAIN ENTRY--AUTHOR NAME
Personal name Mc Namara, Nora
245 #0 - TITLE STATEMENT
Title Sustainable livelihood approach: A critique of theory and practice
260 ## - PUBLICATION, DISTRIBUTION, ETC. (IMPRINT)
Place of publication Dordrechit
Name of publisher Springer
Year of publication 2013
300 ## - PHYSICAL DESCRIPTION
Number of Pages 190p.
650 ## - SUBJECT ADDED ENTRY--TOPICAL TERM
Topical Term Sustainability
700 ## - ADDED ENTRY--PERSONAL NAME
Personal name Morse, Stephen
942 ## - ADDED ENTRY ELEMENTS (KOHA)
Koha item type Books
Holdings
Withdrawn status Lost status Damaged status Not for loan Home library Current library Date acquired Cost, normal purchase price Full call number Accession Number Koha item type
        RRII Library RRII Library 16/12/2021 119.99 330.366 MOR 23494 Books